[Event "Riazan Region-ch"]
[Site "Riazan"]
[Date "2010.10.??"]
[Round "5"]
[White "Laevsky, Evgeniy"]
[Black "Vasiliev, Vladimir P"]
[Result "0-1"]
[WhiteElo "2100"]
[BlackElo "2348"]
[PlyCount "108"]
[EventDate "2010.10.16"]
[EventType "tourn"]
[EventRounds "13"]
[EventCountry "RUS"]
[SourceTitle "EXT 2013"]
[Source "ChessBase"]
[SourceDate "2012.11.22"]
[SourceVersion "1"]
[SourceVersionDate "2012.11.22"]
[SourceQuality "1"]

1. c4 c6 2. g3 d5 3. cxd5 cxd5 4. Bg2 Nf6 5. Nf3 Nc6 6. d4 Bf5 7. 0-0 e6 8. Nc3 h6 9. Bf4 Bd6 10. Bxd6 Qxd6 11. Qa4 0-0 12. a3 Rfc8 13. Rac1 a6 14. b4 Nd7 15. Qb3 b5 16. e3 Nb6 17. Rfd1 Nc4 18. Nd2 Rab8 19. Nxc4 bxc4 20. Qa2 Bd3 21. Bf1 Bxf1 22. Kxf1 f5 23. Na4 a5 24. bxa5 Nxa5 25. Rc3 Nb3 26. Nb2 Ra8 27. a4 Qb4 28. Rc2 Kh7 29. Kg2 Rc6 30. Rd3 Rb6 31. Rdc3 Rab8 32. f3 Nxd4 33. exd4 Qxb2 34. Kh3 Qxa2 35. Rxa2 Ra6 36. Rca3 Rb1 37. Rd2 g5 38. Kg2 Kg6 39. Kf2 f4 40. a5 Kf6 41. Kg2 Rb5 42. Rda2 e5 43. dxe5+ Kxe5 44. Kf2 Kd4 45. Ke2 Kc5 46. Kd2 d4 47. Ra4 Rb3 48. Rc2 Rd3+ 49. Ke2 Re3+ 50. Kf2 c3 51. Rc1 Rd3 52. Rc2 Kb5 53. Ra1 Rxa5 54. Rb1+ Kc4 0-1

[Event "Riazan-ch"]
[Site "Riazan"]
[Date "2010.04.??"]
[Round "?"]
[White "Laevsky, Evgeniy"]
[Black "Kholin, Mikhail"]
[Result "1-0"]
[WhiteElo "2118"]
[BlackElo "1872"]
[PlyCount "91"]
[EventDate "2010.04.??"]
[EventType "swiss"]
[EventRounds "11"]
[EventCountry "RUS"]
[SourceTitle "EXT 2011"]
[Source "ChessBase"]
[SourceDate "2010.11.26"]
[SourceVersion "1"]
[SourceVersionDate "2010.11.26"]
[SourceQuality "1"]

1. e4 e5 2. Nf3 Nf6 3. Nxe5 d6 4. Nf3 Nxe4 5. d4 d5 6. Bd3 Bf5 7. 0-0 Be7 8. Re1 0-0 9. c4 c6 10. Qc2 Re8 11. Nc3 Bb4 12. a3 Bxc3 13. bxc3 Nd7 14. Rb1 Rb8 15. Bf4 Ndf6 16. Bxb8 Qxb8 17. cxd5 cxd5 18. Ne5 Qc8 19. f3 Nd6 20. Bxf5 Nxf5 21. Qb3 b6 22. Qb2 Nd6 23. Qd2 b5 24. Qc1 a6 25. a4 Nd7 26. axb5 Nxb5 27. Nxd7 Qxd7 28. Rxe8+ Qxe8 29. Qd2 Qc8 30. Re1 h6 31. Re3 Nd6 32. Qe1 a5 33. Qa1 Nc4 34. Re1 Qd7 35. Rb1 a4 36. Rb8+ Kh7 37. Qb1+ g6 38. h3 Qe6 39. Kh1 a3 40. Ra8 Kg7 41. Qb8 Kf6 42. Qd8+ Kf5 43. Qh4 g5 44. Qh5 Kf4 45. Kh2 Qe1 46. Qxf7+ 1-0

[Event "Riazan Region-ch 1League"]
[Site "Riazan"]
[Date "2009.05.??"]
[Round "?"]
[White "Laevsky, Evgeniy"]
[Black "Madorsky, Felix"]
[Result "0-1"]
[WhiteElo "2118"]
[BlackElo "2100"]
[PlyCount "144"]
[EventDate "2009.05.??"]
[EventType "swiss"]
[EventRounds "11"]
[EventCountry "RUS"]
[SourceTitle "EXT 2012"]
[Source "ChessBase"]
[SourceDate "2011.11.24"]
[SourceVersion "1"]
[SourceVersionDate "2011.11.24"]
[SourceQuality "1"]

1. e4 d5 2. e5 Bf5 3. d4 e6 4. Bd3 Bxd3 5. Qxd3 c5 6. c3 Qb6 7. Ne2 Nd7 8. 0-0 Ne7 9. Nd2 Nc6 10. a3 a5 11. Nf3 a4 12. Re1 h6 13. Nf4 Qa6 14. Qd1 g6 15. Qc2 Rg8 16. Bd2 Rc8 17. Rad1 b6 18. Qb1 Qb5 19. h4 Ne7 20. Nh2 cxd4 21. cxd4 Nf5 22. Nf3 g5 23. hxg5 hxg5 24. Nh5 g4 25. Ng5 Rh8 26. Rc1 Rc4 27. Rxc4 Qxc4 28. Rc1 Qa6 29. Ng3 Nxd4 30. Re1 Bc5 31. Qd1 Qd3 32. Re3 Qc2 33. Qxc2 Nxc2 34. Rc3 Nd4 35. Be3 Nb3 36. Bf4 Nd4 37. Be3 Nc6 38. Bxc5 bxc5 39. f4 gxf3 40. Nxf3 Ke7 41. Rc2 Rb8 42. Re2 c4 43. Nf1 Nc5 44. Ne3 Nd3 45. Nd1 Kf8 46. g4 Rb3 47. Nd2 Rb8 48. Nf3 Kg7 49. Kh2 Rh8+ 50. Kg3 Rb8 51. g5 Nc5 52. Kg4 Ne4 53. Ne3 Nc5 54. Kf4 Nb3 55. Ng4 Ncd4 56. Nxd4 Nxd4 57. Rd2 Nb3 58. Re2 Nc5 59. Nf6 Rxb2 60. Re3 Rb3 61. Re2 Rh3 62. Kg4 Rh1 63. Rb2 Nd3 64. Rb8 Nxe5+ 65. Kg3 Kg6 66. Kf4 Nd3+ 67. Kg4 Rg1+ 68. Kh4 Kf5 69. Ra8 Rxg5 70. Ne8 Kf4 71. Nd6 Rg1 72. Kh5 Rh1# 0-1

[Event "Riazan Region-ch 1League"]
[Site "Riazan"]
[Date "2009.05.??"]
[Round "?"]
[White "Surkov, Mikhail"]
[Black "Laevsky, Evgeniy"]
[Result "0-1"]
[WhiteElo "1935"]
[BlackElo "2118"]
[PlyCount "116"]
[EventDate "2009.05.??"]
[EventType "swiss"]
[EventRounds "11"]
[EventCountry "RUS"]
[SourceTitle "EXT 2012"]
[Source "ChessBase"]
[SourceDate "2011.11.24"]
[SourceVersion "1"]
[SourceVersionDate "2011.11.24"]
[SourceQuality "1"]

1. c4 g6 2. g3 Bg7 3. Bg2 c5 4. Nc3 Nc6 5. e3 d6 6. Nge2 Bf5 7. d3 Nf6 8. 0-0 0-0 9. d4 cxd4 10. Nxd4 Nxd4 11. exd4 Qc7 12. Qb3 Rab8 13. Nb5 Qb6 14. Be3 a6 15. d5 Qd8 16. Nd4 Bd7 17. Rac1 Qc7 18. Rfe1 Ng4 19. Qd3 Nxe3 20. Rxe3 Bf6 21. Rc2 Qb6 22. Nb3 Rbc8 23. Qe2 a5 24. Nc1 Rfe8 25. h4 a4 26. b3 Qa5 27. Nd3 axb3 28. axb3 Bf5 29. Be4 Bd7 30. Bf3 Qd8 31. Bg4 Bxg4 32. Qxg4 h5 33. Qe2 Kg7 34. Ne1 Qd7 35. Kg2 b6 36. Nd3 Ra8 37. Ra2 Rxa2 38. Qxa2 b5 39. Qa6 bxc4 40. bxc4 Rb8 41. Qa5 Qg4 42. Qa2 Bxh4 43. c5 dxc5 44. Ne5 Qd4 45. gxh4 Rb2 46. Qa3 Qxd5+ 47. Nf3 Rb7 48. Re5 Qd7 49. Qe3 c4 50. Qc3 Qg4+ 51. Kf1 f6 52. Re3 e5 53. Nxe5 fxe5 54. Qxe5+ Kh7 55. Qg5 Rb1+ 56. Re1 Rxe1+ 57. Kxe1 Qxg5 58. hxg5 h4 0-1